Statistics for Квентин Тарантино филмови

Click here to take the quiz!

General Stats

  • This quiz has been taken 164 times
  • The average score is 6 of 11

Answer Stats

ГодинаФилм% Correct
2003Убити Била
77%
1994Петпарачке приче
77%
2004Убити Била 2
77%
2019Било једном у Холивуду
74%
1992Улични пси
58%
2012Ђангова освета
55%
2009Проклетници
42%
2015Подлих осам
41%
1997Џеки Браун
39%
1995Четири собе
29%
2007Отпоран на смрт
18%

Score Distribution

Percentile by Number Answered

Percent of People with Each Score

Your Score History

You have not taken this quiz